书目信息 |
| 题名: |
民法
|
|
| 作者: | 魏振瀛 ;撰稿人王成 … 主编 | |
| 分册: | ||
| 出版信息: | 北京 北京大学出版社 2010.07 |
|
| 页数: | 751页 | |
| 开本: | 20cm | |
| 丛书名: | ||
| 单 册: | ||
| 中图分类: | D923.01-43 | |
| 科图分类: | ||
| 主题词: | 法律--中国 | |
| 电子资源: | ||
| ISBN: | 978-7-301-22947-7 | |
| 000 | 00649nam0 2200205 45 | |
| 001 | 2056803722 | |
| 005 | 20201021154800.50 | |
| 010 | @a978-7-301-22947-7@dRMB 68.00 | |
| 100 | @a20201021d2010 km y0chiy0120 ea | |
| 101 | 0 | @achi |
| 102 | @aCN@b110000 | |
| 200 | 1 | @a民法@Amin fa@f魏振瀛 ; 撰稿人王成 … [等]主编@Fwei zhen ying;zhuan gao ren wang cheng…[deng]zhu bian |
| 210 | @a北京@c北京大学出版社@d2010.07 | |
| 215 | @a751页@d20cm | |
| 606 | 0 | @a法律@x中国 |
| 690 | @aD923.01-43@v4 | |
| 701 | 0 | @a魏振瀛@Awei zhen ying |
| 702 | 0 | @a撰稿人王成 …@Azhuan gao ren wang cheng…@4主编 |
| 801 | 0 | @aCN@bPFT@c20201021 |
| 905 | @a10447@dD923.01-43@eW614 | |
| 民法/魏振瀛 ; 撰稿人王成 … [等]主编.-北京:北京大学出版社,2010.07 |
| 751页;20cm |
| ISBN 978-7-301-22947-7:RMB 68.00 |
| ● |
| 相关链接 |
|
|
|
正题名:民法
索取号:D923.01-43/W614
 
预约/预借
| 序号 | 登录号 | 条形码 | 馆藏地/架位号 | 状态 | 备注 |
| 1 | 1350034 | 213500344 | 社科库509/509社科库 91排6列5层/ [索取号:D923.01-43/W614] | 在馆 |